000 00698nam a2200289Ia 4500
005 20260324133950.0
008 008 260324s9999 xx 000 0 eng d
020 _a9780203219812
037 _aEBOOK
040 _aCRL
040 _beng
040 _cCRL
041 _2eng
041 _aeng
084 _qCRL
100 _aWoody Caan; Jackie de Belleroche
_91195059
245 0 _aDrink, Drugs and Dependence
245 0 _bFrom Science to Clinical Practice
260 _bTaylor and Francis
260 _c2002
365 _a
365 _b315
856 _uhttp://www.taylorfrancis.com/books/9780203219812
942 _cEBOOK
999 _c1794654
_d1794654